Where're the bears? / (Record no. 6882)

MARC details
000 -LEADER
fixed length control field 01064nam a2200349 a 4500
001 - CONTROL NUMBER
control field 6882
003 - CONTROL NUMBER IDENTIFIER
control field FISKH
005 - DATE AND TIME OF LATEST TRANSACTION
control field 20250604113759.0
008 - FIXED-LENGTH DATA ELEMENTS--GENERAL INFORMATION
fixed length control field 971006s1997 nyuab b 000 0 eng d
010 ## - LIBRARY OF CONGRESS CONTROL NUMBER
LC control number 97227196
020 ## - INTERNATIONAL STANDARD BOOK NUMBER
International Standard Book Number 0590067400
020 ## - INTERNATIONAL STANDARD BOOK NUMBER
International Standard Book Number 9780590067409
040 ## - CATALOGING SOURCE
Original cataloging agency WGr
Transcribing agency WGr
Modifying agency CoD
-- DLC
Language of cataloging eng
050 ## - LIBRARY OF CONGRESS CALL NUMBER
Classification number PZ7
082 ## - DEWEY DECIMAL CLASSIFICATION NUMBER
Classification number 599.78
100 1# - MAIN ENTRY--PERSONAL NAME
Personal name Kratt, Martin.
245 10 - TITLE STATEMENT
Title Where're the bears? /
Statement of responsibility, etc. by Martin Kratt and Chris Kratt.
260 ## - PUBLICATION, DISTRIBUTION, ETC.
Place of publication, distribution, etc. New York :
Name of publisher, distributor, etc. Scholastic,
Date of publication, distribution, etc. 1997.
300 ## - PHYSICAL DESCRIPTION
Extent 32 pages :
Other physical details color illustrations ; color maps ;
Dimensions 21 cm
440 #0 - SERIES STATEMENT/ADDED ENTRY--TITLE
Title Kratts' creatures
500 ## - GENERAL NOTE
General note "Based on the hit PBS TV show!"--Cover.
505 ## - FORMATTED CONTENTS NOTE
Formatted contents note R<br/>
520 ## - SUMMARY, ETC.
Summary, etc. The Kratts look at bears all over the world and try to figure out why there are no bears in Africa.
521 8# - TARGET AUDIENCE NOTE
Target audience note 690<br/>
Source Lexile<br/>
521 8# - TARGET AUDIENCE NOTE
Target audience note R<br/>
Source Raz-Plus<br/>
650 #0 - SUBJECT ADDED ENTRY--TOPICAL TERM
Topical term or geographic name entry element Bears
General subdivision Juvenile literature.
650 #1 - SUBJECT ADDED ENTRY--TOPICAL TERM
Topical term or geographic name entry element Bears.
700 1# - ADDED ENTRY--PERSONAL NAME
Personal name Kratt, Chris.
Relator term Author
906 ## - LOCAL DATA ELEMENT F, LDF (RLIN)
a 7
b cbc
c copycat
d 3
e ncip
f 19
g y-gencatlg
942 ## - ADDED ENTRY ELEMENTS (KOHA)
Source of classification or shelving scheme Dewey Decimal Classification
Koha item type Books
Suppress in OPAC No
Holdings
Withdrawn status Lost status Source of classification or shelving scheme Damaged status Not for loan Collection Home library Current library Shelving location Date acquired Total Checkouts Full call number Barcode Date last seen Copy number Price effective from Koha item type
    Dewey Decimal Classification     Non-Fiction Footprints International School Library Network Toul Kork Campus Footprints International School Library Network Toul Kork Campus TK Primary Library Room(4th Floor), Bookcase 5&6, Shelves 33-56, Orange Books 06/04/2025   KRA 599.78 PZ7 FISBK072019 06/04/2025 1 06/04/2025 Books